Tilastot visalle Maantiedettä kirjaimittain - B

Klikkaa tästä pelataksesi tätä visaa!

Yleistilastot

  • Tätä visaa on pelattu 606 kertaa
  • Keskiarvotulos 14 / 20

Vastaustilastot

VihjeVastaus% Oikein
Saksan pääkaupunkiBerliini
100%
Useimmin jalkapallon miesten MM-kisat voittanut valtioBrasilia
94%
Euroopan unionin keskuspaikkaBryssel
93%
Romanian pääkaupunkiBukarest
91%
Keski-Amerikan valtioBelize
83%
Mumbain elokuvateollisuuden lempinimiBollywood
81%
Irakin pääkaupunkiBagdad
80%
Kolumbian pääkaupunkiBogotá
80%
Valtio Ruandan eteläpuolellaBurundi
80%
Myanmarin vanhentunut nimiBurma
79%
Suuri niemimaa Euroopan kaakkoisosissaBalkan
69%
Vuoden 1992 kesäolympialaiset järjestänyt kaupunkiBarcelona
67%
Venäjän ja Alaskan erottava salmi{Beringin}salmi
65%
Guggenheim-museosta tunnettu kaupunki EspanjassaBilbao
61%
Saksan pinta-alaltaan suurin osavaltioBaijeri
60%
Italian kaupunki, jossa sijaitsee maailman vanhin yliopistoBologna
59%
Tunnettu teatteri- ja oopperatalo MoskovassaBolšoi
58%
Kolmen valtion jakama suuri saariBorneo
55%
Muinainen kaupunki lähellä yllä olevaaBabylon
47%
Gangesin merkittävä sivujokiBrahmaputra
27%

Tulosjakauma

Persentiili vastausten määrän mukaan

Jokaisen tuloksen saaneiden osuus

Tuloshistoriasi

Et ole pelannut tätä visaa